Principles of gene manipulation: an introduction to genetic engineering
Gardado en:
| Main Authors: | , |
|---|---|
| Formato: | Libro |
| Idioma: | inglés |
| Publicado: |
Boston
Blackwell Science
1994
|
| Edición: | 5a. ed |
| Series: | Studies in Microbiology
|
| Subjects: | |
| Tags: |
Engadir etiqueta
Sen Etiquetas, Sexa o primeiro en etiquetar este rexistro!
|
MARC
| LEADER | 00000nam a2200000 a 4500 | ||
|---|---|---|---|
| 001 | UCQ4111 | ||
| 003 | CL-VaPUC | ||
| 008 | 980904e19940000US |||||||||||||||||eng|d | ||
| 020 | |a 0632037121 | ||
| 082 | 0 | 4 | |a 575.1 |b OLD |2 21 |
| 100 | |a Old, R. W. |e author |9 418350 | ||
| 700 | 0 | |a Primrose, S. B |e author |9 418351 | |
| 245 | 1 | 0 | |a Principles of gene manipulation: an introduction to genetic engineering |
| 250 | |a 5a. ed | ||
| 300 | |a 474 p | ||
| 942 | |c BK | ||
| 945 | |d 19980904 00:00:00 |a aarredon | ||
| 260 | |a Boston |b Blackwell Science |c 1994 | ||
| 650 | 0 | |a Ingeniería genética |9 263020 | |
| 650 | 0 | |a Genes |9 330314 | |
| 650 | 0 | |a Genética |9 259443 | |
| 650 | 0 | |a ADN recombinante (rADN) |9 306887 | |
| 650 | 0 | |a Manipulación genética |9 373579 | |
| 583 | |a last modification |c 19980904 00:00:00 |k Rodrigo Vera | ||
| 490 | 0 | |a Studies in Microbiology | |
| 999 | |c 274572 |d 274570 | ||
| 952 | |0 0 |1 0 |4 0 |6 575_100000000000000_OLD_1994 |7 0 |8 A |9 310801 |a BIBCUR |b BIBCUR |d 2019-11-20 |i 345925K |l 2 |o 575.1 OLD 1994 |p 345925K |r 2025-04-22 |s 2023-07-27 |w 2019-11-20 |y BK |k BCB | ||
| 952 | |0 0 |1 0 |4 0 |6 575_100000000000000_OLD_1994 |7 0 |8 A |9 310802 |a BIBCUR |b BIBCUR |d 2019-11-20 |i 3459268 |o 575.1 OLD 1994 |p 3459268 |r 2025-04-22 |w 2019-11-20 |y BK |k BCB | ||
| 952 | |0 0 |1 0 |4 0 |6 575_100000000000000_OLD_1994 |7 0 |8 A |9 310803 |a BIBCUR |b BIBCUR |d 2019-11-20 |i 3459276 |o 575.1 OLD 1994 |p 3459276 |r 2025-04-22 |w 2019-11-20 |y BK |k BCB | ||
| 952 | |0 0 |1 0 |4 0 |6 575_100000000000000_OLD_1994 |7 0 |8 A |9 310804 |a BIBCUR |b BIBCUR |d 2019-11-20 |i 3459284 |o 575.1 OLD 1994 |p 3459284 |r 2025-04-22 |w 2019-11-20 |y BK |k BCB | ||
| 952 | |0 0 |1 0 |4 0 |6 575_100000000000000_OLD_1994 |7 0 |8 A |9 310805 |a BIBCUR |b BIBCUR |d 2019-11-20 |i 3459292 |o 575.1 OLD 1994 |p 3459292 |r 2025-04-22 |w 2019-11-20 |y BK |k BCB | ||
| 952 | |0 0 |1 0 |4 0 |6 575_100000000000000_OLD_1994 |7 0 |8 A |9 310806 |a BIBCUR |b BIBCUR |d 2019-11-20 |i 3459306 |o 575.1 OLD 1994 |p 3459306 |r 2025-04-22 |w 2019-11-20 |y BK |k BCB | ||